• 首页
  • 本馆介绍
  • 公告通知
  • 最新文献
  • 馆藏检索
  • 电子资源
  • 读者导购
  • 参考咨询
  • 我的图书馆
  • 登录
  • 详细信息显示
  • 放入我的书架
  • 预约/预借图书
  • 作者相关作品
  • 分类相关作品
  • 丛书相关作品
  • 出版社相关作品

书目信息

  • 表格格式
  • 工作单格式
  • 卡片格式
题名:
印度简史
    
 
作者: 潘尼迦 著 ;简宁 译
分册:  
出版信息: 北京   新世界出版社  2016
页数: 312页
开本: 21cm
丛书名:
单 册:
中图分类: K351.0
科图分类:
主题词:
电子资源:
ISBN: 978-7-5104-5893-4
000 01068nam0 22002651 450
001 0118172417
005 20170618172417.0
010    @a978-7-5104-5893-4@dCNY36.00
100    @a20160829d2016 em y0chiy50 ea
101 1  @achi@cinc
102    @aCN@b110000
105    @ay z 000yy
106    @ar
200 1  @a印度简史@Ayin du jian shi@e经典珍藏版@dA survey of Indian history@f(印)K.M. 潘尼迦(Kavalam Madhava Panikkar)著@g简宁译@zeng
210    @a北京@c新世界出版社@d2016
215    @a312页@d21cm
300    @a思想者书系 017
330    @a本书简要介绍了印度从古印度文明时期到近代印度独立的历史,其中包括18世纪晚期到1947年印度独立,印度作为英属殖民地的历史。书中重点讲述了文明形成的地理因素和印度国家的形成、演变与发展历程,也介绍了它的社会变迁和丰富多彩的文化生活。
510 1  @aSurvey of Indian history@zeng
607    @a印度@Ayin du@x历史
690    @aK351.0@v5
701  0 @c(印)@a潘尼迦@Apan ni jia@c(Panikkar, Kavalam Madhava@f1895~1963)@4著
702  0 @a简宁@Ajian ning@4译
801  0 @aCN@bTANGWEI@c20170616
905    @b1009899-904@dK351.0@e20@f6
    
    印度简史:经典珍藏版=A survey of Indian history/(印)K.M. 潘尼迦(Kavalam Madhava Panikkar)著/简宁译.-北京:新世界出版社,2016
    312页;21cm
    思想者书系 017
    
    ISBN 978-7-5104-5893-4:CNY36.00
    本书简要介绍了印度从古印度文明时期到近代印度独立的历史,其中包括18世纪晚期到1947年印度独立,印度作为英属殖民地的历史。书中重点讲述了文明形成的地理因素和印度国家的形成、演变与发展历程,也介绍了它的社会变迁和丰富多彩的文化生活。
●
相关链接 在E读中查询图书 在五车中查询图书 在当当中查询图书 在豆瓣中查询图书


正题名:印度简史     索取号:K351.0/20         预约/预借

序号 登录号 条形码 馆藏地/架位号 状态 备注
1 1009899   210098990   第二样本阅览室/ [索取号:K351.0/20] 在馆    
2 1009900   210099007   教育系资料室/ [索取号:K351.0/20] 在馆    
3 1009901   210099016   教育系资料室/ [索取号:K351.0/20] 在馆    
4 1009902   210099025   教育系资料室/ [索取号:K351.0/20] 在馆    
5 1009903   210099034   第二借阅区/ [索取号:K351.0/20] 在馆    
6 1009904   210099043   第二借阅区/ [索取号:K351.0/20] 在馆    
唐山师范学院图书馆 欢迎您!
大连网信软件有限公司© 版权所有